| 000 | 00784nam a2200265 a 4500 | ||
|---|---|---|---|
| 001 | 54990 | ||
| 003 | BD-RjUL | ||
| 005 | 20211209080211.0 | ||
| 008 | 020514s2002 nyua 001 0 eng | ||
| 020 | _a9780340806562 | ||
| 035 | _a(BD-RjUL)55112 | ||
| 040 |
_aDLC _cDLC _dBD-RjUL _beng |
||
| 041 | _aeng | ||
| 082 | 0 | 0 |
_223 _a001.42 _bRES 2002 |
| 245 | 0 | 0 |
_aResearch methods for postgraduates / _cedited by Tony Greenfield. |
| 250 | _a2nd ed. | ||
| 260 |
_aNew York : _bOxford University Press, _cc2002. |
||
| 300 |
_axii, 370 p. : _bill. ; _c25 cm. |
||
| 500 | _aRev. ed. of: Research methods. 1996. | ||
| 500 | _aIncludes index. | ||
| 650 | 0 |
_aResearch _xMethodology. _9163960 |
|
| 700 | 1 |
_aGreenfield, Tony. _9163961 |
|
| 730 | 0 |
_aResearch methods. _9163965 |
|
| 942 |
_2ddc _cBK |
||
| 999 |
_c54990 _d54990 |
||